[Event "Steinfurt Bezirksklasse 0607"]
[Site "Germany"]
[Date "2007.04.14"]
[Round "7.7"]
[White "Schroerluecke, Dieter"]
[Black "Greiling, Thorsten"]
[Result "1-0"]
[WhiteElo "1275"]
[BlackElo "1277"]
[PlyCount "53"]
[EventDate "2006.09.30"]
[EventType "team-tourn"]
[EventRounds "7"]
[EventCountry "GER"]
[SourceTitle "EXT 2008"]
[Source "ChessBase"]
[SourceDate "2007.11.25"]
[SourceVersion "1"]
[SourceVersionDate "2007.11.25"]
[SourceQuality "1"]
[WhiteTeam "Ibbenbueren III"]
[BlackTeam "Saerbeck III"]
[WhiteTeamCountry "GER"]
[BlackTeamCountry "GER"]

1. e4 e5 2. Nf3 Nc6 3. Bc4 Bc5 4. 0-0 d6 5. h3 Nf6 6. d3 h6 7. Qe2 0-0 8. Be3 Bb6 9. Bxb6 axb6 10. a3 Bd7 11. c3 Na5 12. Ba2 c5 13. Nbd2 Qe8 14. Nh4 Be6 15. Bxe6 fxe6 16. f4 exf4 17. Rxf4 g5 18. Rxf6 Rxf6 19. e5 dxe5 20. Qxe5 Rf7 21. Ne4 gxh4 22. Nf6+ Rxf6 23. Qxf6 Kh7 24. Re1 Rd8 25. Rxe6 Qf8 26. Re7+ Kg8 27. Qg6+ 1-0